Feedback Control System Analysis and Synthesis / (Record no. 1958)
[ view plain ]
| 000 -LEADER | |
|---|---|
| fixed length control field | 00708nac a22002051u 4500 |
| 008 - FIXED-LENGTH DATA ELEMENTS--GENERAL INFORMATION | |
| fixed length control field | 100915t1960 nyu|||||r|||| 001 0 eng d |
| 010 ## - LIBRARY OF CONGRESS CONTROL NUMBER | |
| LC control number | 59013202 |
| 020 ## - INTERNATIONAL STANDARD BOOK NUMBER | |
| International Standard Book Number | 007Y851506 |
| 035 ## - SYSTEM CONTROL NUMBER | |
| System control number | (OCoLC)561165 |
| 082 ## - DEWEY DECIMAL CLASSIFICATION NUMBER | |
| Classification number | 629.83 |
| Item number | AZZ |
| Edition number | 22 |
| 100 ## - MAIN ENTRY--PERSONAL NAME | |
| Personal name | D'Azzo, John Joachim. |
| 9 (RLIN) | 19201 |
| 245 10 - TITLE STATEMENT | |
| Title | Feedback Control System Analysis and Synthesis / |
| Statement of responsibility, etc | John J. D'Azzo and Constantine H. Houpis. |
| 250 ## - EDITION STATEMENT | |
| Edition statement | 2nd ed. |
| 260 ## - PUBLICATION, DISTRIBUTION, ETC. (IMPRINT) | |
| Place of publication, distribution, etc | New York, |
| Name of publisher, distributor, etc | McGraw-Hill, |
| Date of publication, distribution, etc | 1960. |
| 300 ## - PHYSICAL DESCRIPTION | |
| Extent | 824 p. : |
| Other physical details | ill. ; |
| Dimensions | 24 cm. |
| 490 ## - Series Statement | |
| -- | 19204 |
| Series statement | McGraw-Hill Electrical and Electronic Engineering Series |
| 650 #0 - SUBJECT ADDED ENTRY--TOPICAL TERM | |
| Topical term or geographic name as entry element | Feedback control systems. |
| 9 (RLIN) | 19202 |
| 700 1# - ADDED ENTRY--PERSONAL NAME | |
| Personal name | Houpis, Constantine H., |
| 9 (RLIN) | 19203 |
| 942 ## - ADDED ENTRY ELEMENTS (KOHA) | |
| Item type | Book - Borrowing |
| Call number prefix | 629.83AZZ |
| Source of classification or shelving scheme | Dewey Decimal Classification |
| Withdrawn status | Item status | Source of classification or shelving scheme | Damaged status | Not for loan | Vendor | Home library | Current library | Shelving location | Date acquired | Source of acquisition | Cost, normal purchase price | Total Checkouts | Total Renewals | Full call number | Barcode | Date last seen | Date last borrowed | Cost, replacement price | Koha item type |
|---|---|---|---|---|---|---|---|---|---|---|---|---|---|---|---|---|---|---|---|
| Dewey Decimal Classification | Central Library | Central Library | First floor | 11/04/2011 | 64.80 | 1 | 1 | 629.83 AZZ | 000002406 | 15/07/2025 | 11/04/2011 | 64.80 | Book - Borrowing |